Sociedad, cultura y psicoanalísis de hoy /
Guardado en:
| Formato: | Libro |
|---|---|
| Publicado: |
Buenos Aires :
Paidós,
1964
|
| Series: | Biblioteca del hombre contemporáneo
|
| Materias: | |
| Etiquetas: |
Agregar Etiqueta
Sin Etiquetas, Sea el primero en etiquetar este registro!
|
| LEADER | 00815nam a22001935a 4500 | ||
|---|---|---|---|
| 001 | CEM.cems007620 | ||
| 005 | 20100706113942.0 | ||
| 008 | 130507s1964##################000#0#####d | ||
| 003 | CEMS | ||
| 082 | 0 | 4 | |a 301.15 |
| 245 | 0 | 0 | |a Sociedad, cultura y psicoanalísis de hoy / |c Ernest Jones ... [et Al.] |
| 260 | |a Buenos Aires : |b Paidós, |c 1964 | ||
| 300 | |a 150 p. | ||
| 490 | 0 | |a Biblioteca del hombre contemporáneo | |
| 505 | 0 | |a Psicoanálisis y sociología / H. Hartmann -- Psicología de la religión / E. Jones -- Psicoanálisis y arte / E. Kris -- Psicoanálisis y literatura / F. Wittels -- Psicoanálisis y antropología / G. Róheim -- Problemas de la delincuencia / P. Schilder | |
| 653 | |a Cultura | ||
| 653 | |a Psicoanálisis | ||
| 653 | |a Sociología | ||
| 859 | |a CEMS |b BIB. CEMS - 11 de abril |h 301.15 |i So13 |p 361.73 |t Ej.1 | ||
